000 00594nam a2200193Ia 4500
005 20250326142923.0
008 250326s9999 xx 000 0 und d
020 _a0 7546 0961 8
037 _aTextbook
040 _aFMSL
_beng
_cFMSL
041 _aeng
_2eng
084 _aX:8c.44 P2
_qFMSL
100 _aCohen S I
245 0 _aSocial accounting and economic modelling for developing Countries:analysis, policy and planning applications
_cCohen S I
260 _aEngland
_bEngland, Ashgate
_c2002
300 _a200p
942 _cTB
_hX:8c.44 P2
999 _c1297273
_d1297273